Evangelical ecclesiology : (Record no. 6599)
[ view plain ]
| 000 -LEADER | |
|---|---|
| fixed length control field | 00604cam a22001934a 4500 |
| 001 - CONTROL NUMBER | |
| control field | 13226634 |
| 005 - DATE AND TIME OF LATEST TRANSACTION | |
| control field | 20250619135954.0 |
| 008 - FIXED-LENGTH DATA ELEMENTS--GENERAL INFORMATION | |
| fixed length control field | 030606s2003 miu b 101 0 eng |
| 020 ## - INTERNATIONAL STANDARD BOOK NUMBER | |
| International Standard Book Number | 0801026539 |
| 050 00 - LIBRARY OF CONGRESS CALL NUMBER | |
| Classification number | BR1640 |
| Item number | .R44 2003 |
| 082 00 - DEWEY DECIMAL CLASSIFICATION NUMBER | |
| Classification number | 262 |
| Edition information | 21 |
| 245 10 - TITLE STATEMENT | |
| Title | Evangelical ecclesiology : |
| Remainder of title | reality or illusion? / |
| Statement of responsibility, etc. | John G. Stackhouse, Jr., editor. |
| 260 ## - PUBLICATION, DISTRIBUTION, ETC. | |
| Place of publication, distribution, etc. | Grand Rapids, Mich. : |
| Name of publisher, distributor, etc. | Baker Academic, |
| Date of publication, distribution, etc. | c2003. |
| 300 ## - PHYSICAL DESCRIPTION | |
| Extent | 232 p. ; |
| Dimensions | 23 cm. |
| 650 #0 - SUBJECT ADDED ENTRY--TOPICAL TERM | |
| Topical term or geographic name entry element | Church |
| Form subdivision | Congresses. |
| 650 #0 - SUBJECT ADDED ENTRY--TOPICAL TERM | |
| Topical term or geographic name entry element | Evangelicalism |
| Form subdivision | Congresses. |
| 700 1# - ADDED ENTRY--PERSONAL NAME | |
| Personal name | Stackhouse, John G. |
| Fuller form of name | (John Gordon), |
| Dates associated with a name | 1960- |
| 942 ## - ADDED ENTRY ELEMENTS (KOHA) | |
| Source of classification or shelving scheme | Library of Congress Classification |
| Koha item type | Books |
| Suppress in OPAC | No |
| 999 ## - | |
| -- | 6599 |
| -- | 6599 |
| Withdrawn status | Lost status | Source of classification or shelving scheme | Damaged status | Not for loan | Collection | Home library | Current library | Shelving location | Date acquired | Total checkouts | Full call number | Barcode | Date last seen | Copy number | Price effective from | Koha item type |
|---|---|---|---|---|---|---|---|---|---|---|---|---|---|---|---|---|
| Library of Congress Classification | Non-fiction | Undergraduate Library (Christ Temple) | Undergraduate Library (Christ Temple) | General stacks | 06/19/2025 | BR1640 REG | ulct00003455 | 06/19/2025 | 1 | 06/19/2025 | Books |